000 00650nam a2200229Ia 4500
001 249
005 20251205092156.0
008 251203t2013||||xx |||||||||||||| ||spa||
020 _a9786124616457
041 _aESP
082 _a759.85
_bM26
100 _aMartínez Malaga, Víctor,
_cAUT
245 0 _aMartínez Málaga
260 _aArequipa :
_bCuzzi y Cía,
_c2013
300 _a295 páginas :
_b ilustraciones, fotografías ;
_c 24 cm.
440 _a(Biblioteca Arequipa. Arte)
650 _aABD
653 _aPintura peruana; Pintores - Perú - Siglo XX
654 _aCTP
700 _aRuiz Rosas, Alonso,
_cEDT
942 _cLIB
_dJUS
_fMAT
_2ddc
999 _c249
_d249